[Event "Ruhrgebiet Bezirksliga 15/16"]
[Site "Ruhrgebiet"]
[Date "2016.01.10"]
[Round "6.3"]
[White "Spaeh, Jan Lukas"]
[Black "Huegel, Guido"]
[Result "1/2-1/2"]
[WhiteElo "1623"]
[BlackElo "1830"]
[PlyCount "135"]
[EventDate "2015.08.30"]
[EventType "team-tourn"]
[EventRounds "9"]
[EventCountry "GER"]
[SourceTitle "EXT 2022"]
[Source "ChessBase"]
[SourceDate "2021.10.06"]
[SourceVersion "1"]
[SourceVersionDate "2021.10.06"]
[SourceQuality "1"]
[WhiteTeam "Kamen SV IV"]
[BlackTeam "Werl SC 1981"]
[WhiteTeamCountry "GER"]
[BlackTeamCountry "GER"]

1. e4 d5 2. exd5 Qxd5 3. Nf3 Bg4 4. Be2 Nf6 5. d4 e6 6. c4 Qd8 7. 0-0 Be7 8. Nc3 c6 9. Be3 Nbd7 10. d5 cxd5 11. cxd5 Nb6 12. Bb5+ Kf8 13. dxe6 Bxe6 14. Qxd8+ Bxd8 15. Nd4 Bc4 16. Rfd1 a6 17. Bxc4 Nxc4 18. Bc1 Be7 19. Nf5 Rd8 20. Rxd8+ Bxd8 21. b3 Ne5 22. Ba3+ Kg8 23. Re1 Nc6 24. Nd5 h6 25. Nxf6+ Bxf6 26. Re8+ Kh7 27. Rxh8+ Kxh8 28. Nd6 b5 29. Nxf7+ Kg8 30. Nd6 Be7 31. Bc5 Ne5 32. Ne4 Bd8 33. Kf1 Nd3 34. Be3 Nb4 35. a4 Nd5 36. Ke2 bxa4 37. bxa4 Kf7 38. Kd3 Nxe3 39. fxe3 Bb6 40. Nd6+ Ke6 41. Nc4 Bc7 42. h3 Kd5 43. Na3 Bd8 44. Nc2 Be7 45. Nd4 Bf6 46. Nb3 Be7 47. e4+ Ke5 48. g3 Bd6 49. Nd2 Kf6 50. g4 Kg5 51. Kd4 Kh4 52. e5 Be7 53. Ke4 Kxh3 54. Kf5 g6+ 55. Kxg6 Kxg4 56. Nf1 h5 57. Nh2+ Kg3 58. Kxh5 Kxh2 59. Kg6 Kg3 60. Kf7 Bh4 61. e6 Kf4 62. e7 Bxe7 63. Kxe7 Ke5 64. Kd7 Kd5 65. a5 Kc5 66. Ke6 Kb5 67. Kd5 Kxa5 68. Kc4 1/2-1/2

[Event "Ruhrgebiet VK3 1112"]
[Site "Nordrheinwestfalen"]
[Date "2011.12.11"]
[Round "4.2"]
[White "Buechle, Manfred"]
[Black "Huegel, Guido"]
[Result "1/2-1/2"]
[WhiteElo "1856"]
[BlackElo "1885"]
[PlyCount "63"]
[EventDate "2012.09.18"]
[EventType "team-tourn"]
[EventRounds "9"]
[EventCountry "GER"]
[SourceTitle "EXT 2020"]
[Source "ChessBase"]
[SourceDate "2019.10.17"]
[SourceVersion "1"]
[SourceVersionDate "2019.10.17"]
[SourceQuality "1"]
[WhiteTeam "Eichlinghofen SV II"]
[BlackTeam "Werl SC 1981"]
[WhiteTeamCountry "GER"]
[BlackTeamCountry "GER"]

1. e4 c6 2. d4 d5 3. exd5 cxd5 4. Bd3 Nc6 5. Nf3 Bg4 6. c3 Nf6 7. 0-0 Qc7 8. Be3 e6 9. Nbd2 Bd6 10. h3 Bh5 11. Qc2 Rc8 12. Bg5 Be7 13. a3 Bg6 14. Rfe1 0-0 15. Bxg6 hxg6 16. Bxf6 Bxf6 17. Qd3 Na5 18. Rac1 Qb6 19. Rb1 Rc7 20. Qe2 Rfc8 21. Ne5 Qd6 22. Nef3 Nc4 23. Nxc4 Rxc4 24. Ne5 R4c7 25. Nd3 b6 26. g3 Qd7 27. Kg2 Qb5 28. Nb4 Qc4 29. Rbd1 Qxe2 30. Rxe2 a5 31. Nd3 Be7 32. Ra1 1/2-1/2

[Event "Ruhrgebiet VK3 1112"]
[Site "Nordrheinwestfalen"]
[Date "2011.10.09"]
[Round "2.2"]
[White "Guddat, Joachim"]
[Black "Huegel, Guido"]
[Result "1-0"]
[WhiteElo "2144"]
[BlackElo "1885"]
[PlyCount "85"]
[EventDate "2012.09.18"]
[EventType "team-tourn"]
[EventRounds "9"]
[EventCountry "GER"]
[SourceTitle "EXT 2020"]
[Source "ChessBase"]
[SourceDate "2019.10.17"]
[SourceVersion "1"]
[SourceVersionDate "2019.10.17"]
[SourceQuality "1"]
[WhiteTeam "Osterfeld Schwarze Dame"]
[BlackTeam "Werl SC 1981"]
[WhiteTeamCountry "GER"]
[BlackTeamCountry "GER"]

1. d4 c6 2. c4 d5 3. Nc3 Nf6 4. Nf3 e6 5. Bg5 Be7 6. e3 Nbd7 7. cxd5 Nxd5 8. Bxe7 Qxe7 9. Bd3 0-0 10. 0-0 N7f6 11. Rc1 Rd8 12. Na4 Bd7 13. Bb1 Rac8 14. e4 Nf4 15. Qc2 Ng6 16. e5 Ne8 17. Nc5 Rc7 18. h4 Bc8 19. h5 Nf8 20. Ne4 f5 21. exf6 Nxf6 22. Nxf6+ Qxf6 23. Qc5 Rd5 24. Qxa7 Rxh5 25. Rc5 Rxc5 26. Qxc5 Qe7 27. b4 Qd8 28. Bc2 Rf7 29. Ne5 Rf4 30. Rd1 Qf6 31. g3 Qg5 32. Qd6 Rf6 33. Qd8 Qh5 34. Qxc8 Rh6 35. Kf1 Rf6 36. Qxb7 Qh2 37. Rd2 Qh1+ 38. Ke2 Qg2 39. Ke3 Qh1 40. Qxc6 Qe1+ 41. Kd3 Rxf2 42. Rxf2 Qxf2 43. Qf3 1-0